[Event "2nd Eksjo it"]
[Site "Eksjo SWE"]
[Date "1974.03.16"]
[Round "8"]
[White "Bohm, Hans"]
[Black "Lehmann, Heinz"]
[Result "1/2-1/2"]
[WhiteElo "2250"]
[BlackElo "2390"]
[EventDate "1974.03.09"]
[PlyCount "48"]

1. Nf3 c5 2. e4 d6 3. Bb5+ Nd7 4. d4 cxd4 5. Qxd4 Ngf6 6. e5 dxe5 7. Nxe5 a6 8. Bxd7+ Bxd7 9. Nxd7 Qxd7 10. Qxd7+ Kxd7 11. Ke2 e5 12. Rd1+ Ke6 13. Be3 Rc8 14. c3 Nd5 15. Nd2 f5 16. g3 Be7 17. f4 Rhd8 18. a4 exf4 19. Bxf4 g5 20. Be3 Nxe3 21. Kxe3 Bc5+ 22. Ke2 Rd5 23. Nf3 Re8 24. b4 Kf6+ 1/2-1/2

[Event "2nd Eksjo it"]
[Site "Eksjo SWE"]
[Date "1974.03.16"]
[Round "8"]
[White "Grabczewski, Romuald"]
[Black "Ek, Hans"]
[Result "1/2-1/2"]
[WhiteElo "2420"]
[BlackElo "2350"]
[EventDate "1974.03.09"]
[PlyCount "128"]

1. e4 e6 2. d4 d5 3. Nd2 Be7 4. Ngf3 Nf6 5. Bd3 dxe4 6. Nxe4 Nbd7 7. Qe2 Nxe4 8. Qxe4 Nf6 9. Qe2 O-O 10. Bg5 h6 11. Bxf6 Bxf6 12. O-O-O c5 13. dxc5 Qa5 14. Qe4 g6 15. Qc4 Bd7 16. a3 Rac8 17. Qb4 Qc7 18. h4 a5 19. Qd2 Bc6 20. Qxh6 Bxf3 21. gxf3 Qe5 22. c3 Rxc5 23. Qe3 Qh5 24. Kb1 Rfc8 25. Be4 b5 26. Rd7 b4 27. axb4 axb4 28. Qf4 Kg7 29. Rg1 g5 30. cxb4 Rb5 31. Bd3 Re5 32. Qxe5 Bxe5 33. Rxg5+ Qxg5 34. hxg5 Rc7 35. Rd8 Bf4 36. g6 fxg6 37. b5 Rb7 38. Kc2 Kf6 39. Kb3 g5 40. Kc4 Ke7 41. Rg8 Rc7+ 42. Kb4 Bd2+ 43. Kb3 Kd6 44. b6 Rb7 45. Kc2 Bf4 46. Bc4 Rxb6 47. b3 Kc5 48. Re8 Rd6 49. Bxe6 Rd2+ 50. Kc3 Rxf2 51. b4+ Kc6 52. Bg4 Rf1 53. Rc8+ Kb6 54. Kb3 Rb1+ 55. Ka3 Ra1+ 56. Kb2 Be5+ 57. Kc2 Bf4 58. Re8 Ra3 59. Re4 Re3 60. Rd4 Kb5 61. Bh5 Re2+ 62. Kd1 Re3 63. Bg4 Kb6 64. Kc2 Kb5 1/2-1/2

[Event "2nd Eksjo it"]
[Site "Eksjo SWE"]
[Date "1974.03.16"]
[Round "8"]
[White "Kinnmark, Ove"]
[Black "Lundin, Erik"]
[Result "1-0"]
[WhiteElo "2400"]
[BlackElo "2375"]
[EventDate "1974.03.09"]
[PlyCount "81"]

1. e4 e5 2. Nf3 Nc6 3. d4 exd4 4. Nxd4 Nf6 5. Nxc6 bxc6 6. e5 Qe7 7. Qe2 Nd5 8. c4 Nb6 9. Nc3 d6 10. Bf4 d5 11. cxd5 cxd5 12. Qd2 Qd7 13. Bb5 c6 14. Bd3 Be7 15. O-O O-O 16. Qc2 h5 17. Rad1 Qg4 18. Ne2 c5 19. h3 Qe6 20. b3 Bb7 21. Bh2 Qc6 22. Nf4 Qh6 23. Qe2 h4 24. Nh5 d4 25. Rde1 Nd5 26. e6 g6 27. exf7+ Rxf7 28. Qe6 Raf8 29. Bxg6 Qg5 30. Re5 Qxg2+ 31. Kxg2 Nf4+ 32. Kg1 Nxe6 33. Rxe6 Bc8 34. Bxf7+ Kxf7 35. Rxe7+ Kxe7 36. Re1+ Kf7 37. f3 Bxh3 38. Kf2 Rg8 39. Nf4 Bf5 40. Re5 Bb1 41. Rxc5 1-0

[Event "2nd Eksjo it"]
[Site "Eksjo SWE"]
[Date "1974.03.17"]
[Round "9"]
[White "Akvist, Hakan"]
[Black "Grabczewski, Romuald"]
[Result "0-1"]
[WhiteElo "2340"]
[BlackElo "2420"]
[EventDate "1974.03.09"]
[PlyCount "96"]

1. e4 e5 2. Nf3 Nc6 3. Bb5 a6 4. Ba4 Nf6 5. O-O b5 6. Bb3 Bb7 7. Re1 Bc5 8. c3 d6 9. d4 Bb6 10. Bg5 h6 11. Bh4 Qe7 12. a4 O-O 13. Qd3 Na5 14. Bc2 c5 15. d5 c4 16. Qe2 Bc8 17. axb5 axb5 18. Nbd2 Bd7 19. Ra2 Nb7 20. Rea1 Rab8 21. h3 Kh8 22. Nh2 g5 23. Bg3 Rg8 24. Ng4 Kg7 25. Nf1 Nh5 26. Nge3 Nf4 27. Qf3 Nc5 28. Bh2 Qf6 29. Nf5+ Bxf5 30. exf5 e4 31. Bxe4 Nxe4 32. Qxe4 Rge8 33. Qf3 Qxf5 34. Ne3 Qd3 35. Bxf4 gxf4 36. Qg4+ Kh8 37. Nf5 Rg8 38. Qxf4 Rg6 39. Nh4 Rg7 40. Qxh6+ Qh7 41. Qf4 Rbg8 42. Ra8 Bd8 43. Rxd8 Rxd8 44. Qf6 Rdg8 45. Rd1 Qc2 46. Rd4 Qc1+ 47. Kh2 Qg5 48. Qxd6 Qxg2+ 0-1

[Event "2nd Eksjo it"]
[Site "Eksjo SWE"]
[Date "1974.03.17"]
[Round "9"]
[White "Ek, Hans"]
[Black "Kinnmark, Ove"]
[Result "1/2-1/2"]
[WhiteElo "2350"]
[BlackElo "2400"]
[EventDate "1974.03.09"]
[PlyCount "30"]

1. d4 Nf6 2. c4 e6 3. Nf3 Bb4+ 4. Bd2 Qe7 5. e3 O-O 6. Bxb4 Qxb4+ 7. Qd2 Qxd2+ 8. Nbxd2 d5 9. cxd5 exd5 10. Bd3 c6 11. O-O a5 12. a3 Na6 13. b4 Nc7 14. Rfb1 axb4 15. axb4 Be6 1/2-1/2

[Event "2nd Eksjo it"]
[Site "Eksjo SWE"]
[Date "1974.03.17"]
[Round "9"]
[White "Rantanen, Yrjo"]
[Black "Bohm, Hans"]
[Result "1/2-1/2"]
[WhiteElo "2350"]
[BlackElo "2250"]
[EventDate "1974.03.09"]
[PlyCount "29"]

1. e4 Nf6 2. e5 Nd5 3. d4 d6 4. c4 Nb6 5. f4 dxe5 6. fxe5 Nc6 7. Be3 Bf5 8. Nf3 e6 9. Nc3 Be7 10. Be2 O-O 11. O-O f6 12. exf6 Bxf6 13. Qd2 Qe7 14. Rad1 Rad8 15. Qc2 1/2-1/2